UBT Library

Structure and function in man (Record no. 44948)

000 -LEADER
fixed length control field 00604cam a2200229 4500
001 - CONTROL NUMBER
control field 3616002
005 - DATE AND TIME OF LATEST TRANSACTION
control field 20180314044433.0
008 - FIXED-LENGTH DATA ELEMENTS--GENERAL INFORMATION
fixed length control field 740325s1974 paua b 001 0 eng
010 ## - LIBRARY OF CONGRESS CONTROL NUMBER
LC control number 73089180
020 ## - INTERNATIONAL STANDARD BOOK NUMBER
International Standard Book Number 072165097X
040 ## - CATALOGING SOURCE
Original cataloging agency DLC
Transcribing agency DLC
Modifying agency DLC
041 ## - LANGUAGE CODE
Language code of text/sound track or separate title eng
060 ## - NATIONAL LIBRARY OF MEDICINE CALL NUMBER
Classification number QS4 J16s 1974
080 ## - UNIVERSAL DECIMAL CLASSIFICATION NUMBER
Universal Decimal Classification number 612 JAC
082 00 - DEWEY DECIMAL CLASSIFICATION NUMBER
Classification number 612 JAC
100 1# - Rafti
Rafti 6
101 ## - Shkurtesa
Shkurtesa ANA
245 10 - TITLE STATEMENT
Title Structure and function in man
Statement of responsibility, etc [by] Stanley W. Jacob [and] Clarice Ashworth Francone.
504 ## - BIBLIOGRAPHY, ETC. NOTE
Bibliography, etc Bibliography: p. 575-580.
906 ## - LOCAL DATA ELEMENT F, LDF (RLIN)
a 7
b cbc
c orignew
d 1
e opcn
f 19
g y-gencatlg
942 ## - ADDED ENTRY ELEMENTS (KOHA)
Source of classification or shelving scheme
Item type Books
Holdings
Withdrawn status Lost status Source of classification or shelving scheme Damaged status Not for loan Collection code Permanent location Current location Shelving location Date acquired Total Checkouts Full call number Barcode Date last seen Price effective from Koha item type
          Koleksioni i përgjithshem UBT - Lipjan UBT - Lipjan Koleksioni i përgjithshem 03/14/2018   612 JAC 002-3001087 03/14/2018 03/14/2018 Books
UBT Library © 2015-2024. All rights reserved University Education for Business and Technology